| 000 | 00983nam a22001937a 4500 | ||
|---|---|---|---|
| 005 | 20230919104301.0 | ||
| 010 | _aHIN-125962 | ||
| 020 |
_a97893889043679 _c700.00 |
||
| 035 | _aHN-98308 | ||
| 037 | _bDBAD/PUB | ||
| 082 | _a305.4 | ||
| 100 |
_aसिंह ,अमरेन्द्र कुमार _956893 |
||
| 245 |
_aआधी आबादी का फलसफा / _cअमरेन्द्र कुमार सिंह, चन्दन कुमार और अंजनी कुमार |
||
| 260 |
_aनई दिल्ली _bसत्यम पुब्लिशिग हाउस _c2020 |
||
| 270 |
_aएन -3/25 मोहन गार्डन उत्तम नगर _bनई दिल्ली _e110059 |
||
| 300 |
_a245 पृ.; _c23 सेमी (सजिल्द) |
||
| 700 |
_aकुमार,चन्दन और कुमार, अंजनी [et. al.] _956894 |
||
| 942 |
_cHN _2ddc _h305.4 _mसिंहअ |
||
| 999 |
_c198081 _d198081 |
||